Movies Quiz

Random Movies or Clickable Quiz
Score 0/100 Timer 11:00
4 Plays Today
% Correct
Caribbean
94%
Finding
93.9%
Code
93.8%
City
93.6%
Million
93.5%
Mia
93.3%
Devil
93.3%
Sherlock
93%
Museum
92.8%
Knight
92.7%
WALL
92.4%
Rock
92.3%
Twilight
92.3%
Meet
92.3%
Bill
92.1%
Almighty
91.9%
Stone
91.9%
Legally
91.9%
Wedding
91.7%
Casino
91.5%
Slumdog
91.4%
Brokeback
91%
Polar
91%
Anger
90.7%
There
90.6%
Mean
90.4%
Bourne
90.3%
American
90.2%
Pajamas
89.9%
Freaky
89.7%
Begins
89.5%
Treasure
89.4%
Anchorman
88.9%
Princess
88.7%
% Correct
Matrix
88.4%
Sunshine
88.3%
Christ
88.3%
Sarah
88.3%
Iron
88.2%
Locker
88%
Pursuit
88%
Fellowship
88%
Country
87.9%
Cast
87.7%
Napoleon
87.1%
Beautiful
86.8%
Blind
86.7%
Wolverine
86.5%
Translation
86.4%
Libre
85.1%
Brockovich
85.1%
Kumar
84.9%
Kicking
84.7%
Darko
84.7%
Shaun
83.6%
Dresses
82.8%
Blart
82.6%
Knocked
82.1%
Goats
81.8%
Labyrinth
81.6%
Rwanda
81.5%
Terabithia
81.1%
Julia
81.2%
Lights
81%
Carter
80.7%
Underdog
80%
Pearl
79.2%
Spotless
78.1%
% Correct
Ball
77.4%
Ella
77.2%
Famous
77%
Fever
76.8%
Drag
76.1%
Yuma
76%
Slevin
75.9%
Show
75.8%
District
74.7%
Punch
74.1%
Mystic
73%
Smoking
70.3%
Fidelity
69.5%
Beauty
67.5%
Cristina
67.5%
Clayton
66.3%
Mulholland
64.6%
Grams
64.2%
Flow
63.8%
Pretty
62.3%
Tomorrow
61.5%
Beast
61.2%
Gosford
59.9%
Forrester
59.4%
Dogtown
56.9%
Antwone
56.8%
Snake
54.7%
Sand
54.5%
Ghost
50.3%
Gale
46.3%
Chocolate
44.3%
Splendor
41.1%
Remove Ads.
Support Sporcle.
Get the best of Sporcle when you Go Orange. This ad-free experience offers more features, more stats, and more fun while also helping to support Sporcle. Thank you for becoming a member.

You're not logged in!

Compare scores with friends on all Sporcle quizzes.
OR
Log In

Show Comments

Extras

Top Quizzes Today


Score Distribution

Your Account Isn't Verified!

In order to create a playlist on Sporcle, you need to verify the email address you used during registration. Go to your Sporcle Settings to finish the process.

Report this User

Report this user for behavior that violates our Community Guidelines.

Details: